[Event "Women's Speed Chess Q2"]
[Site "chess.com INT"]
[Date "2021.05.29"]
[Round "13"]
[White "Ovezdurdiyeva, Jemal"]
[Black "Zakirova, Aisha"]
[Result "0-1"]
[WhiteTitle "WFM"]
[BlackTitle "WCM"]
[WhiteElo "2061"]
[BlackElo "1585"]
[WhiteFideId "14001888"]
[BlackFideId "13719734"]
[EventDate "2021.05.29"]

1. d4 Nf6 2. c4 g6 3. Nc3 d5 4. Nf3 Bg7 5. Bg5 Ne4 6. Bf4 Nxc3 7. bxc3 dxc4 8.
Qa4+ c6 9. Qxc4 O-O 10. e4 b5 11. Qc5 Bb7 12. Bg5 f6 13. Bh4 Nd7 14. Qa3 a5 15.
Be2 Nb6 16. O-O Kh8 17. e5 Nd5 18. Rfe1 b4 19. cxb4 axb4 20. Qc1 Nc3 21. Bc4 Ba6
22. Bxa6 Rxa6 23. a3 Qa8 24. exf6 exf6 25. Re3 Bh6 26. Qe1 Bxe3 27. Qxe3 Rxa3
28. Re1 Nd5 29. Qe6 Ra1 30. g4 b3 0-1

[Event "Women's Speed Chess Q2"]
[Site "chess.com INT"]
[Date "2021.05.29"]
[Round "13"]
[White "Sharma, Isha"]
[Black "Kiolbasa, Oliwia"]
[Result "1-0"]
[WhiteTitle "WIM"]
[BlackTitle "WIM"]
[WhiteElo "2237"]
[BlackElo "2255"]
[WhiteFideId "35006665"]
[BlackFideId "1154613"]
[EventDate "2021.05.29"]

1. e4 e5 2. Nf3 Nc6 3. Bc4 Bc5 4. c3 Nf6 5. d3 O-O 6. Nbd2 d6 7. h3 a5 8. Bb3
Be6 9. Nf1 Re8 10. Ng3 d5 11. O-O dxe4 12. dxe4 Qxd1 13. Rxd1 Bxb3 14. axb3 Rad8
15. Bg5 Be7 16. Kf1 h6 17. Bxf6 Bxf6 18. Ke2 g6 19. Nf1 Rxd1 20. Rxd1 Rd8 21.
Ne3 Rxd1 22. Kxd1 h5 23. Nd5 Bd8 24. b4 axb4 25. cxb4 f5 26. exf5 e4 27. Nd2
gxf5 28. Ne3 Nd4 29. f3 f4 30. Nd5 e3 31. Ne4 e2+ 32. Ke1 Bh4+ 33. Nf2 Nc2+ 34.
Kxe2 Nd4+ 35. Kf1 1-0

[Event "Women's Speed Chess Q2"]
[Site "chess.com INT"]
[Date "2021.05.29"]
[Round "13"]
[White "Singgih, Diajeng Theresa"]
[Black "Balabayeva, Xeniya"]
[Result "0-1"]
[WhiteTitle "WFM"]
[BlackTitle "WFM"]
[WhiteElo "1972"]
[BlackElo "2178"]
[WhiteFideId "7104391"]
[BlackFideId "13719688"]
[EventDate "2021.05.29"]

1. e4 c6 2. d4 d5 3. exd5 cxd5 4. Nf3 Nf6 5. Bd3 g6 6. O-O Bg7 7. c3 O-O 8. Bg5
Nc6 9. Na3 Bg4 10. Be2 Rc8 11. h3 Bf5 12. Bd3 Be4 13. Bxf6 exf6 14. Bxe4 dxe4
15. Nd2 f5 16. Nc2 Re8 17. Re1 Qg5 18. Ne3 Rcd8 19. Qb3 b6 20. Nd5 Qxd2 21. Qb5
Na5 22. Nc7 Rf8 23. b4 Nb7 24. Qa6 Nd6 25. Qxa7 Qxc3 26. Qxb6 Bxd4 27. Qa5 Nc4
28. Qb5 Bxf2+ 29. Kxf2 Rd2+ 30. Kf1 Qd3+ 31. Kg1 Qg3 0-1

[Event "Women's Speed Chess Q2"]
[Site "chess.com INT"]
[Date "2021.05.29"]
[Round "13"]
[White "Vine, Elzbieta"]
[Black "Ribeiro, Regina"]
[Result "0-1"]
[WhiteTitle "WFM"]
[BlackTitle "WIM"]
[WhiteElo "2138"]
[BlackElo "1920"]
[WhiteFideId "1119320"]
[BlackFideId "2100681"]
[EventDate "2021.05.29"]

1. e4 c6 2. d4 d5 3. exd5 cxd5 4. Bd3 Nc6 5. c3 Nf6 6. h3 g6 7. Nf3 Bf5 8. Nh4
Bxd3 9. Qxd3 Bg7 10. O-O O-O 11. f4 Ne4 12. f5 e5 13. Nf3 exd4 14. fxg6 hxg6 15.
cxd4 Qb6 16. Be3 Qxb2 17. Nbd2 Nxd2 18. Nxd2 Bxd4 19. Rfb1 Qc3 20. Rb3 Qxa1+ 21.
Kf2 Bxe3+ 22. Qxe3 Qxa2 23. Kf1 Rae8 0-1

[Event "Women's Speed Chess Q2"]
[Site "chess.com INT"]
[Date "2021.05.29"]
[Round "13"]
[White "Frattini, Beatriz Maria"]
[Black "Mordido, Kylen Joy"]
[Result "0-1"]
[WhiteTitle "WCM"]
[BlackTitle "WIM"]
[WhiteElo "1854"]
[BlackElo "2014"]
[WhiteFideId "22715002"]
[BlackFideId "5219086"]
[EventDate "2021.05.29"]

1. e4 c5 2. Nf3 e6 3. d4 cxd4 4. Nxd4 a6 5. Bd3 Nf6 6. O-O Qc7 7. Qe2 d6 8. c4
g6 9. Nc3 Bg7 10. Bd2 Nbd7 11. Kh1 O-O 12. f4 b6 13. Rae1 Bb7 14. b3 Rfe8 15. e5
Nh5 16. exd6 Qxd6 17. Nf3 Nxf4 18. Bxf4 Qxf4 19. Ne4 Qc7 20. Nfg5 f5 21. Ng3 Nc5
22. Bb1 Bf6 23. Nf3 e5 24. Qc2 e4 25. Nd2 Bh4 26. Qc3 f4 27. Ngxe4 Nxe4 28. Nxe4
Bxe1 29. Rxe1 Bxe4 30. Bxe4 Rad8 31. Bd5+ Rxd5 32. Rxe8+ Kf7 33. Re1 Rf5 34. Qf3
b5 35. cxb5 axb5 36. h3 Qa7 37. Re2 Qc7 38. Qe4 f3 39. gxf3 Qg3 40. Qe8+ Kg7 41.
Qd7+ Kh6 42. Rh2 Qxf3+ 43. Kg1 Qf1# 0-1

[Event "Women's Speed Chess Q2"]
[Site "chess.com INT"]
[Date "2021.05.29"]
[Round "13"]
[White "Li, Xueyi"]
[Black "Linares Napoles, Oleiny"]
[Result "0-1"]
[WhiteTitle "WGM"]
[BlackTitle "WGM"]
[WhiteElo "2328"]
[BlackElo "2255"]
[WhiteFideId "8605912"]
[BlackFideId "3504794"]
[EventDate "2021.05.29"]

1. d4 Nf6 2. c4 g6 3. g3 Bg7 4. Bg2 O-O 5. Nc3 d6 6. Nf3 Nbd7 7. O-O e5 8. dxe5
dxe5 9. b3 Re8 10. e4 c6 11. Bb2 Qe7 12. Qe2 a5 13. a4 Nc5 14. Ba3 Bg4 15. h3
Bxf3 16. Qxf3 Nfd7 17. Qe3 Bf8 18. Rad1 Qf6 19. Ne2 b6 20. h4 Rad8 21. h5 Nb8
22. hxg6 hxg6 23. Bb2 Qe6 24. Kh2 Bg7 25. Bh3 Qe7 26. Ba3 Nba6 27. Kg2 Nb4 28.
Bxb4 axb4 29. Nc1 Rd4 30. f3 Red8 31. Qe2 Qg5 32. Rxd4 Rxd4 33. Rd1 Qd8 34. Rxd4
Qxd4 35. Na2 Nd3 36. Qd2 Bf8 37. Kh2 Bc5 38. Bg2 Qg1+ 39. Kh3 Nf2+ 40. Kh4 Qxg2
41. Qd8+ Kg7 0-1

[Event "Women's Speed Chess Q2"]
[Site "chess.com INT"]
[Date "2021.05.29"]
[Round "13"]
[White "Fernandez, Maria Florencia"]
[Black "Golubeva, Oksana"]
[Result "0-1"]
[WhiteTitle "WIM"]
[BlackTitle "WFM"]
[WhiteElo "2229"]
[BlackElo "2179"]
[WhiteFideId "116459"]
[BlackFideId "4170164"]
[EventDate "2021.05.29"]

1. d4 e6 2. c4 d5 3. Nf3 Nf6 4. cxd5 exd5 5. Bg5 Bd6 6. Nc3 Be6 7. e3 O-O 8. Bd3
Nbd7 9. Qc2 Qb8 10. O-O-O Rc8 11. Kb1 c5 12. Bf5 b5 13. Bxe6 fxe6 14. dxc5 Nxc5
15. Nd4 b4 16. Na4 Nce4 17. Qb3 Nxg5 18. h4 Nge4 19. Nxe6 Nxf2 20. Rxd5 Nxd5 21.
Qxd5 Kh8 22. Ng5 Rf8 23. Rf1 h6 24. Nf7+ Rxf7 25. Qxf7 Ne4 26. Qd5 Qe8 27. Rd1
Rd8 28. Rd4 Nf6 29. Qa5 Qe7 30. b3 Rc8 31. Qa6 Rd8 32. Qa5 Rd7 33. Nb2 Qxe3 34.
Rd3 Qe1+ 35. Rd1 Qe4+ 0-1

[Event "Women's Speed Chess Q2"]
[Site "chess.com INT"]
[Date "2021.05.29"]
[Round "13"]
[White "Lujan, Carolina"]
[Black "Serikbay, Assel"]
[Result "0-1"]
[WhiteTitle "IM"]
[BlackTitle "WIM"]
[WhiteElo "2346"]
[BlackElo "2228"]
[WhiteFideId "109878"]
[BlackFideId "13706799"]
[EventDate "2021.05.29"]

1. e4 c5 2. Nf3 Nc6 3. d4 cxd4 4. Nxd4 Nf6 5. Nc3 e6 6. Be2 Bb4 7. O-O O-O 8.
Qd3 d5 9. exd5 exd5 10. Bg5 h6 11. Bh4 Ne5 12. Qg3 Ng6 13. Bxf6 Qxf6 14. Rad1
Be6 15. Ncb5 Rad8 16. c3 Be7 17. Rfe1 a6 18. Nxe6 fxe6 19. Nd4 e5 20. Bd3 e4 21.
Bf1 Bd6 22. Qe3 Bf4 23. Qh3 Rde8 24. Re2 Be5 25. g3 Bxd4 26. Rxd4 Ne5 27. Rxd5
Qc6 28. Rd1 e3 29. Bg2 exf2+ 30. Rxf2 Qc5 31. Rd4 Rxf2 32. Kxf2 Nd3+ 33. Kf3
Qc6+ 34. Kg4 Nf2+ 35. Kh4 Qf6+ 36. Kh5 Qg5# 0-1

[Event "Women's Speed Chess Q2"]
[Site "chess.com INT"]
[Date "2021.05.29"]
[Round "13"]
[White "Berend, Elvira"]
[Black "Mahalakshmi, M"]
[Result "1/2-1/2"]
[WhiteTitle "WGM"]
[BlackTitle "WIM"]
[WhiteElo "2326"]
[BlackElo "2253"]
[WhiteFideId "4000510"]
[BlackFideId "5001080"]
[EventDate "2021.05.29"]

1. e4 c6 2. Nf3 d5 3. exd5 cxd5 4. d4 Nc6 5. Be2 Bf5 6. c3 Nf6 7. Nh4 Bg6 8.
Nxg6 hxg6 9. h3 e6 10. Nd2 Bd6 11. Nf3 Rc8 12. Bg5 Qc7 13. Bxf6 gxf6 14. Qd3 a6
15. Nd2 b5 16. Qf3 Bf4 17. Nb3 f5 18. Nc5 Ra8 19. Bf1 Bd6 20. Nd3 b4 21. Rc1
bxc3 22. Rxc3 Nxd4 23. Qd1 Qb6 24. h4 Nb5 25. Rc1 Qd4 26. h5 Bb4+ 27. Nxb4 Qxb4+
28. Qd2 Qxd2+ 29. Kxd2 gxh5 30. Be2 h4 31. Bxb5+ axb5 32. Rc7 O-O 33. a3 Ra4 34.
Rh3 Rd4+ 35. Ke2 b4 36. a4 b3 37. a5 Rc4 38. Rxc4 dxc4 39. Rxh4 c3 40. bxc3 Rb8
41. Rh1 Rc8 42. Kd2 Rc5 43. Rb1 Rxa5 44. Rxb3 Ra2+ 45. Ke3 Rc2 46. g3 Kg7 47. f4
Rg2 48. Kf3 Rc2 49. Ke3 Rg2 50. Kf3 Rc2 51. Ke3 1/2-1/2

[Event "Women's Speed Chess Q2"]
[Site "chess.com INT"]
[Date "2021.05.29"]
[Round "13"]
[White "Arakhamia-Grant, Ketevan"]
[Black "Nguyen, Thi Mai Hung"]
[Result "0-1"]
[WhiteTitle "GM"]
[BlackTitle "WGM"]
[WhiteElo "2380"]
[BlackElo "2254"]
[WhiteFideId "13600168"]
[BlackFideId "12401676"]
[EventDate "2021.05.29"]

1. e4 e6 2. d4 d5 3. Nc3 Nf6 4. e5 Nfd7 5. f4 c5 6. Nf3 Nc6 7. Be3 a6 8. Qd2 b5
9. dxc5 Bxc5 10. O-O-O Qb6 11. Bxc5 Nxc5 12. Bd3 Bb7 13. Kb1 O-O-O 14. Qf2 Kc7
15. Ne2 Ne4 16. Qxb6+ Kxb6 17. Bxe4 dxe4 18. Ng5 Rdf8 19. Rd7 Nd8 20. Rhd1 h6
21. R1d6+ Bc6 22. Nxe4 Nb7 23. Nd4 Nxd6 24. Rxd6 Rc8 25. b4 Rhd8 26. Nxc6 Rxd6
27. Nxd6 Rxc6 28. Nxf7 Rc4 29. g3 Rd4 30. Kc1 Kc7 31. c3 Rd3 32. Kc2 Rf3 0-1

[Event "Women's Speed Chess Q2"]
[Site "chess.com INT"]
[Date "2021.05.29"]
[Round "13"]
[White "Nomin-Erdene, Davaademberel"]
[Black "Bommini, Mounika Akshaya"]
[Result "1-0"]
[WhiteTitle "IM"]
[BlackTitle "WFM"]
[WhiteElo "2382"]
[BlackElo "2029"]
[WhiteFideId "4900782"]
[BlackFideId "25019872"]
[EventDate "2021.05.29"]

1. f4 e5 2. fxe5 d6 3. exd6 Bxd6 4. Nf3 g5 5. g3 g4 6. Nh4 Ne7 7. d4 Ng6 8. Nxg6
hxg6 9. Qd3 Nc6 10. c3 Qe7 11. Bg2 Bd7 12. e4 O-O-O 13. Na3 f5 14. e5 Bxe5 15.
dxe5 Nxe5 16. Qe3 Rde8 17. Kf2 Qd6 18. Qxa7 Nd3+ 19. Kg1 Re1+ 20. Bf1 Bc6 21.
Qa8+ Kd7 22. Qxh8 Bxh1 23. Qd4 Be4 24. Nc2 Rxc1 25. Qg7+ Kc6 26. Nb4+ Kb6 27.
Rxc1 Nxc1 28. a4 Qc5+ 29. Qd4 Qxd4+ 30. cxd4 1-0

[Event "Women's Speed Chess Q2"]
[Site "chess.com INT"]
[Date "2021.05.29"]
[Round "13"]
[White "Mendoza, Shania Mae"]
[Black "Antova, Gabriela"]
[Result "1-0"]
[WhiteTitle "WFM"]
[BlackTitle "FM"]
[WhiteElo "2158"]
[BlackElo "2250"]
[WhiteFideId "5211158"]
[BlackFideId "2915235"]
[EventDate "2021.05.29"]

1. e4 c5 2. Nf3 Nc6 3. g3 g6 4. Bg2 Bg7 5. O-O e6 6. Re1 Nge7 7. c3 d5 8. e5 d4
9. d3 h6 10. a4 g5 11. h3 Ng6 12. a5 Nxa5 13. cxd4 cxd4 14. Qa4+ Nc6 15. Nxd4
Bd7 16. Nxc6 Bxc6 17. Bxc6+ bxc6 18. Qxc6+ Kf8 19. d4 Kg8 20. Be3 Kh7 21. Nc3
Rb8 22. Rxa7 Rxb2 23. Rxf7 Rf8 24. Qxe6 Rxf7 25. Qxf7 Qa5 26. Qc4 Rc2 27. Rc1
Rxc1+ 28. Bxc1 Qa1 29. Ne2 Bf8 30. Kg2 Be7 31. Qf7+ 1-0

[Event "Women's Speed Chess Q2"]
[Site "chess.com INT"]
[Date "2021.05.29"]
[Round "13"]
[White "Varney, Zoe"]
[Black "Zaichenko, Daria"]
[Result "0-1"]
[WhiteTitle "WCM"]
[BlackTitle "WFM"]
[WhiteElo "1917"]
[BlackElo "2104"]
[WhiteFideId "436135"]
[BlackFideId "4197453"]
[EventDate "2021.05.29"]

1. e4 c5 2. Nf3 Nc6 3. d4 cxd4 4. Nxd4 Nf6 5. Nc3 d6 6. Be3 e5 7. Nb3 Be6 8. f3
Be7 9. Qd2 O-O 10. O-O-O a6 11. g4 b5 12. h4 b4 13. Nd5 Bxd5 14. exd5 Nd4 15.
Nxd4 exd4 16. Bxd4 Nxd5 17. Bxg7 Kxg7 18. Qxd5 Rc8 19. Bd3 Bf6 20. Qf5 Rh8 21.
g5 Bd4 22. Rhe1 Rc5 23. Qe4 Bf2 24. Re2 Re5 25. Qc4 Rxe2 26. Bxe2 Re8 27. Bd3
Qb6 28. Qxa6 Qe3+ 29. Kb1 Qxf3 30. Rc1 Be3 31. Rf1 Bd4 32. Qc4 Qxf1+ 33. Bxf1
Re1# 0-1

[Event "Women's Speed Chess Q2"]
[Site "chess.com INT"]
[Date "2021.05.29"]
[Round "13"]
[White "Zhai, Mo"]
[Black "Chu, Ruotong"]
[Result "1-0"]
[WhiteTitle "WGM"]
[BlackTitle "WIM"]
[WhiteElo "2366"]
[BlackElo "2207"]
[WhiteFideId "8600201"]
[BlackFideId "8605653"]
[EventDate "2021.05.29"]

1. d4 d5 2. c4 dxc4 3. e3 Nf6 4. Bxc4 e6 5. Nc3 a6 6. Nf3 c5 7. O-O Nc6 8. dxc5
Qxd1 9. Rxd1 Bxc5 10. Be2 b5 11. Bd2 Bb7 12. Rac1 Be7 13. Be1 O-O 14. a4 b4 15.
Na2 Nd5 16. g3 b3 17. Nc3 Ncb4 18. Nd4 Nxc3 19. Rxc3 Bd5 20. Rc7 Bd6 21. Rd7 Bc5
22. Rc1 Nc2 23. Nxc2 bxc2 24. Rxc2 Bb6 25. Bd3 Bb3 26. Rc3 Bxa4 27. Rd6 Ba5 28.
Rc1 Bxe1 29. Rxe1 a5 30. Ra1 Bb3 31. Rb6 Bd5 32. e4 1-0

[Event "Women's Speed Chess Q2"]
[Site "chess.com INT"]
[Date "2021.05.29"]
[Round "13"]
[White "Padmini, Rout"]
[Black "Mrudul, Dehankar"]
[Result "1-0"]
[WhiteTitle "IM"]
[BlackTitle "WIM"]
[WhiteElo "2370"]
[BlackElo "2256"]
[WhiteFideId "5029295"]
[BlackFideId "25096990"]
[EventDate "2021.05.29"]

1. e4 c5 2. Nf3 d6 3. c3 Nf6 4. Be2 Nc6 5. d4 cxd4 6. cxd4 Nxe4 7. d5 Qa5+ 8.
Nc3 Nxc3 9. bxc3 Ne5 10. Nxe5 dxe5 11. O-O Bd7 12. c4 g6 13. Bb2 Bg7 14. Bd3 O-O
15. Qe2 e6 16. Bxe5 Bxe5 17. Qxe5 Rac8 18. h4 exd5 19. h5 Rfe8 20. Qf6 Rc6 21.
Qd4 Qc5 22. Qxd5 Be6 23. Qxc5 Rxc5 24. h6 Rh5 25. Rfb1 Re7 26. Rb5 Rxh6 27. Rab1
b6 28. a4 Bd7 29. R5b4 Rh5 30. Bf1 Bc6 31. Rd1 Kg7 32. Rd8 Ra5 33. f3 Rxa4 34.
Rb2 Ra1 35. Kf2 Ree1 36. Be2 1-0

[Event "Women's Speed Chess Q2"]
[Site "chess.com INT"]
[Date "2021.05.29"]
[Round "13"]
[White "Zawadzka, Jolanta"]
[Black "Vargas, Gabriela"]
[Result "1-0"]
[WhiteTitle "WGM"]
[BlackTitle "WIM"]
[WhiteElo "2399"]
[BlackElo "2170"]
[WhiteFideId "1122320"]
[BlackFideId "3700860"]
[EventDate "2021.05.29"]

1. e4 e6 2. b3 d5 3. Bb2 Nf6 4. e5 Nfd7 5. f4 c5 6. Nf3 Nc6 7. Bb5 Qb6 8. Bxc6
bxc6 9. O-O Ba6 10. d3 c4+ 11. Kh1 cxd3 12. cxd3 Nc5 13. Ne1 d4 14. f5 Rd8 15.
Na3 Qc7 16. fxe6 Nxe6 17. Nf3 Be7 18. Nc4 O-O 19. Rc1 c5 20. Qd2 Bb7 21. Rce1
Qd7 22. Qf2 Nf4 23. Rd1 Qg4 24. Bc1 Ne6 25. h3 Qh5 26. Kh2 f6 27. Rde1 fxe5 28.
Rxe5 Qf7 29. Qe1 Bd6 30. Nxd6 Rxd6 31. Nd2 Qd7 32. Rxf8+ Nxf8 33. Nc4 Rf6 34.
Bg5 Rf7 35. Qg3 Qc6 36. Re2 Kh8 37. Ne5 Qe6 38. Nxf7+ Qxf7 39. Rf2 Qe8 40. Qd6
Ng6 41. Qxc5 h6 42. Bd2 Kh7 43. Qf5 Qc6 44. Bb4 Kg8 45. Qf7+ Kh7 46. Bf8 1-0

[Event "Women's Speed Chess Q2"]
[Site "chess.com INT"]
[Date "2021.05.29"]
[Round "13"]
[White "Dworakowska, Joanna"]
[Black "Kairbekova, Amina"]
[Result "0-1"]
[WhiteTitle "IM"]
[BlackTitle "WFM"]
[WhiteElo "2322"]
[BlackElo "2132"]
[WhiteFideId "1107445"]
[BlackFideId "13712799"]
[EventDate "2021.05.29"]

1. e4 c5 2. Nf3 Nc6 3. d4 cxd4 4. Nxd4 g6 5. c4 Nf6 6. Nc3 d6 7. Be2 Nxd4 8.
Qxd4 Bg7 9. Qd2 O-O 10. Qd3 a5 11. Bd2 a4 12. h4 a3 13. b4 Be6 14. Rc1 Qb6 15.
Nd5 Bxd5 16. exd5 Nd7 17. h5 Ne5 18. Qh3 g5 19. h6 Bf6 20. Qf5 Ng6 21. Rh5 Ra4
22. c5 dxc5 23. bxc5 Qb2 24. Qc2 Rh4 25. Rxh4 gxh4 26. Bd3 Rd8 27. Be4 Rd7 28.
c6 bxc6 29. dxc6 Rc7 30. Qd3 Qe5 31. Kf1 Nf8 32. Rb1 Rc8 33. Rb3 h3 34. gxh3
Qa1+ 35. Kg2 Qxa2 36. Qg3+ Kh8 37. Rxa3 Qb2 38. Bc3 Bxc3 39. Rxc3 Ne6 40. c7 Qb5 0-1

[Event "Women's Speed Chess Q2"]
[Site "chess.com INT"]
[Date "2021.05.29"]
[Round "13"]
[White "Samaganova, Alexandra"]
[Black "Makhija, Aashna"]
[Result "0-1"]
[WhiteTitle "WFM"]
[BlackTitle "WIM"]
[WhiteElo "1993"]
[BlackElo "1969"]
[WhiteFideId "13800221"]
[BlackFideId "25011944"]
[EventDate "2021.05.29"]

1. c4 e6 2. Nc3 d5 3. e3 Nf6 4. Nf3 c5 5. d4 cxd4 6. exd4 Nc6 7. Be2 Bb4 8. O-O
O-O 9. Bg5 Be7 10. h3 b6 11. Rc1 dxc4 12. Bxc4 Bb7 13. Re1 Nb4 14. Ne5 h6 15.
Bh4 Nbd5 16. Bg3 Rc8 17. Bd3 Nxc3 18. Rxc3 Qd5 19. Nf3 Rxc3 20. bxc3 Qxa2 21.
Bb1 Qd5 22. Qd3 Rc8 23. Rc1 b5 24. Qd2 a5 25. Ba2 Qc6 26. c4 b4 27. Bf4 Ne4 28.
Qd1 Nc3 29. Qd2 Nxa2 30. Qxa2 a4 31. d5 exd5 32. cxd5 Qe8 33. Rxc8 Bxc8 34. d6
Bf6 35. Qc4 b3 36. Bc1 b2 37. Bxb2 Bxb2 38. Kh2 a3 39. g3 Qd8 40. Nd2 Be6 41.
Qa4 Qxd6 42. Qa8+ Kh7 43. Ne4 Qd4 44. Kg2 Bd5 0-1

[Event "Women's Speed Chess Q2"]
[Site "chess.com INT"]
[Date "2021.05.29"]
[Round "13"]
[White "Nurmanova, Alua"]
[Black "Agrest, Inna"]
[Result "1/2-1/2"]
[WhiteTitle "WFM"]
[BlackTitle "WIM"]
[WhiteElo "2008"]
[BlackElo "2285"]
[WhiteFideId "13729390"]
[BlackFideId "1708830"]
[EventDate "2021.05.29"]

1. e4 e5 2. Nf3 Nc6 3. Bb5 a6 4. Ba4 Nf6 5. O-O b5 6. Bb3 Bc5 7. c3 d6 8. d3 O-O
9. Nbd2 Bg4 10. h3 Bh5 11. Re1 d5 12. exd5 Nxd5 13. Ne4 Bb6 14. Ng3 Bg6 15. Nxe5
Nxe5 16. Rxe5 c6 17. Qf3 Qd6 18. d4 Rae8 19. Rxe8 Rxe8 20. Bd2 Bc7 21. Re1 Rxe1+
22. Bxe1 Nf4 23. Qe3 h6 24. Qe8+ Kh7 25. Bxf7 Bxf7 26. Qxf7 a5 27. Bd2 Nd5 28.
Nf5 Qh2+ 29. Kf1 Qh1+ 30. Ke2 Qxg2 31. Bxh6 Qe4+ 32. Kd2 Bf4+ 33. Bxf4 Qxf4+ 34.
Ke2 Qe4+ 35. Kf1 Qh1+ 36. Ke2 Qe4+ 37. Kd2 Qf4+ 38. Kd1 Qf3+ 39. Kc2 Qxf2+ 40.
Kb3 Qg1 41. Qh5+ Kg8 42. Qe8+ Kh7 43. Qh5+ Kg8 44. Qe8+ Kh7 45. Qh5+ 1/2-1/2

[Event "Women's Speed Chess Q2"]
[Site "chess.com INT"]
[Date "2021.05.29"]
[Round "13"]
[White "Secopito, Catherine"]
[Black "Nguyen, Thi Thanh An"]
[Result "1-0"]
[WhiteTitle "WIM"]
[BlackTitle "WGM"]
[WhiteElo "2075"]
[BlackElo "2259"]
[WhiteFideId "5202744"]
[BlackFideId "12400300"]
[EventDate "2021.05.29"]

1. d4 Nf6 2. c4 g6 3. Nc3 Bg7 4. Nf3 O-O 5. g3 d6 6. Bg2 Nc6 7. O-O a6 8. Bf4
Bg4 9. Rc1 Re8 10. h3 Bd7 11. e4 Nh5 12. Be3 e5 13. Qd2 exd4 14. Nxd4 Nxd4 15.
Bxd4 Bxd4 16. Qxd4 Bc6 17. b4 Qf6 18. Qd3 b6 19. Nd5 Bxd5 20. cxd5 Re7 21. Rc2
a5 22. a3 axb4 23. axb4 Ra1 24. Rxa1 Qxa1+ 25. Kh2 Nf6 26. Rc6 Qb2 27. Qc2 Qxc2
28. Rxc2 Kf8 29. f3 Ke8 30. Bf1 Kd8 31. Kg2 Re8 32. Bb5 Rf8 33. Ra2 Nh5 34. Ra8+
Ke7 35. Ra7 Kd8 36. Bc6 f5 37. g4 fxg4 38. hxg4 Nf4+ 39. Kg3 Nd3 40. Ra4 Ne5 41.
f4 Nd3 42. f5 gxf5 43. exf5 1-0

[Event "Women's Speed Chess Q2"]
[Site "chess.com INT"]
[Date "2021.05.29"]
[Round "13"]
[White "Dauletova, Gulmira"]
[Black "Priyanka, K"]
[Result "1-0"]
[WhiteTitle "WGM"]
[BlackTitle "WIM"]
[WhiteElo "2285"]
[BlackElo "2218"]
[WhiteFideId "13702971"]
[BlackFideId "5082986"]
[EventDate "2021.05.29"]

1. e4 c5 2. Nf3 d6 3. d4 cxd4 4. Qxd4 Nf6 5. Be2 Nc6 6. Qe3 g6 7. O-O Bg7 8. h3
O-O 9. c4 b6 10. Nc3 Bb7 11. Rb1 Rc8 12. b3 Nd7 13. Bb2 Nde5 14. Nd5 e6 15. Nc3
Nxf3+ 16. Bxf3 Nd4 17. Bd1 f5 18. f3 f4 19. Qd3 Qg5 20. Ne2 Nxe2+ 21. Bxe2 Bxb2
22. Rxb2 Rfd8 23. Rd2 Rd7 24. Rfd1 Rcd8 25. Qc3 Qc5+ 26. Kf1 e5 27. b4 Qc7 28.
Rc1 Kf8 29. Bd1 Ke7 30. Ba4 Bc6 31. Bxc6 Qxc6 32. Rd5 Ke6 33. Rcd1 Rc8 34. c5
bxc5 35. Qc4 Ke7 36. bxc5 Qb7 37. cxd6+ Kd8 38. Rc5 Rxc5 39. Qxc5 Qa6+ 40. Kg1
Qb6 41. Qxb6+ axb6 42. Rd5 Ra7 43. Rxe5 Rxa2 44. Rb5 Rd2 45. e5 Kd7 46. Rxb6 Rf2
47. Kxf2 1-0

[Event "Women's Speed Chess Q2"]
[Site "chess.com INT"]
[Date "2021.05.29"]
[Round "13"]
[White "Franco Valencia, Angela"]
[Black "Nguyen, Hong Anh"]
[Result "0-1"]
[WhiteTitle "WIM"]
[BlackTitle "WIM"]
[WhiteElo "2089"]
[BlackElo "1993"]
[WhiteFideId "4403070"]
[BlackFideId "12406732"]
[EventDate "2021.05.29"]

1. e4 c5 2. Nf3 Nc6 3. d4 cxd4 4. Nxd4 g6 5. Nc3 Bg7 6. Nde2 Nf6 7. g3 O-O 8.
Bg2 d6 9. O-O Be6 10. Bg5 Rc8 11. Nd5 Bxd5 12. exd5 Nb4 13. c3 Na6 14. Nd4 Qb6
15. Qd2 Nc5 16. Rfe1 Rfe8 17. Re2 Na4 18. Rae1 Qc7 19. Bh3 Rcd8 20. Bg2 Nb6 21.
Nb5 Qd7 22. Qd3 a6 23. Bxf6 Bxf6 24. Nd4 Rc8 25. b3 Qg4 26. h3 Qh5 27. c4 Nd7
28. f4 Nc5 29. Qd2 Qh6 30. Kh2 Qg7 31. Nc2 Bc3 32. Qe3 Bxe1 33. Nxe1 b5 34. b4
Na4 35. cxb5 axb5 36. Qd3 Rc4 37. a3 Qc3 38. Qd1 Qxa3 39. f5 Qc1 40. Qd3 Qc3 41.
Qd1 Rd4 42. Qb1 Rxb4 43. Qa2 Rb3 44. Nf3 Rb2 45. Rxb2 Qxb2 46. Qxb2 Nxb2 47. Nd4
b4 48. Bf1 Nd1 49. Bc4 Rc8 50. Nc6 Kf8 51. Bb3 Ne3 52. fxg6 hxg6 53. g4 e6 54.
Ba4 Nxd5 55. Kg3 b3 56. Nd4 b2 57. Bc2 Rc4 0-1

[Event "Women's Speed Chess Q2"]
[Site "chess.com INT"]
[Date "2021.05.29"]
[Round "13"]
[White "Arabidze, Meri"]
[Black "Socko, Monika"]
[Result "1-0"]
[WhiteTitle "IM"]
[BlackTitle "GM"]
[WhiteElo "2436"]
[BlackElo "2421"]
[WhiteFideId "13604040"]
[BlackFideId "1106619"]
[EventDate "2021.05.29"]

1. Nf3 Nf6 2. d4 e6 3. c4 b6 4. g3 Ba6 5. Qa4 Bb7 6. Bg2 Be7 7. O-O O-O 8. Rd1
d6 9. Qc2 Nbd7 10. Nc3 a6 11. d5 e5 12. Nh4 Re8 13. Nf5 Bf8 14. e4 g6 15. Nh6+
Kg7 16. h3 Ng8 17. Ng4 Bc8 18. f4 Ndf6 19. Nxf6 Qxf6 20. fxe5 Qxe5 21. Bf4 Qe7
22. e5 dxe5 23. d6 cxd6 24. Bxa8 exf4 25. Nd5 Qg5 26. Qc3+ f6 27. Nxf4 d5 28.
Bxd5 Bc5+ 29. Kh1 Re3 30. Rd3 Qxg3 31. Rxe3 Bxe3 32. Re1 Bxf4 33. Qxg3 Bxg3 34.
Re8 Bxh3 35. Rxg8+ Kh6 36. b4 Be1 37. c5 bxc5 38. bxc5 Ba5 39. c6 g5 40. Re8 Kg6
41. Re7 f5 42. c7 f4 43. Be6 Bxc7 44. Bxh3 Ba5 45. Re6+ Kf7 46. Rxa6 Bd2 47. Bf5
h5 48. Kg2 g4 49. Bg6+ Ke7 50. Bxh5 f3+ 51. Kf2 Bc3 52. Bxg4 Bd4+ 53. Kxf3 Kf7
54. a4 Ke7 55. a5 Bb6 56. Rxb6 Kd8 57. a6 Kc7 58. Rb5 Kc6 59. Rb1 1-0